Statistiques concernant Célébrités en B.

Cliquez ici pour prendre le quiz!

Statistiques générales

  • Ce quiz a été pris 713 fois
  • Le résultat moyen est 8 sur 16

Statistiques - réponses

QuestionCélébrité% Correct
Footballeur Français, ballon d'or en 2022.Karim Benzema
90%
Athlète jamaïcain, spécialiste des épreuves de sprint, généralement considéré comme le plus grand sprinter de tous les temps.Usain Bolt
80%
Réalisateur Français, ayant produit "Lucy" et "Le 5ème élément".Luc Besson
68%
Humoriste Français, connu pour sa "vulgarité", marié à Lola Marois.Jean-Marie Bigard
62%
Animateur de l'émission "Quotidien".Yann Barthes
62%
Animateur français d'émissions de vulgarisation scientifique diffusées à la télévision, avec son frère Grichka.Igor Bogdanoff
61%
Elle fait partie des "Spice Girls", marié à un célèbre Ex-footballeur.Victoria Beckham
59%
Membre du trio "les inconnus".Didier Bourdon
55%
Célèbre chanteur du groupe "U2".Bono
48%
Chanteur Français interprète de la chanson "Le Diner".Benabar
45%
Acteur espagnol, connu notamment pour avoir joué le rôle de "Zorro".Antonio Banderas
35%
Homme Politique, Maire de Pau et membre du MoDem.Francois Bayrou
32%
Homme d'état Vénézuélien, surnommé "El Libertador"Simon Bolivar
20%
Acteur Australien, il est le "Mentalist".Simon Baker
17%
Actrice Américaine, femme de Justin Timberlake.Jessica Biel
14%
Célèbre mannequin brésilien, mariée 13 ans à Tom BradyGisele Bundchen
11%

Distribution des résultats

Percentile par nombre de réponses

% des personnes avec chaque résultat

Votre développement - résultats

Vous n’avez pas pris ce quiz